000 00891nam a22002537a 4500
005 20240322155915.0
010 _aENG-139735
020 _a9789354423116
_c140.00
035 _aEN-123267
037 _bDBAD
082 _a880
245 _aOasis:
_cedited by board of editors/
_bA textbook for college students
260 _aHyderabad
_bOrient Blackswan Private Ltd
_c2022
270 _a3-6-752, Himayatnagar
_bHyderabad
_e500029
_minfo@orintblackswan.com
300 _a209p.
_c22cm(Pb)
500 _aprescribed for BCom Part I (Semester One and Two) Compulsory English Sant Gadge Baba Amravati University
700 _aIngole, Mamta
_963895
700 _aGadpayale, Satyendra
_963896
700 _aTare, Nilesh
_963897
700 _aNavalekar, Uday
_963898
700 _aKarmore, Jayant
_963899
700 _aAdgokar, Mangesh
_963900
942 _2ddc
_cEN
_h880
_mOAS
999 _c201757
_d201757